Recent environmental trends and innovations in the Slovak small and middle enterprises

Súčasné environmentálne trendy a inovácie v malých a stredných podnikoch na Slovensku. Kľúčové manažérske kompetencie v MSP.

Salvato in:
Dettagli Bibliografici
Autore principale: Bosák, Martin, 1967-
Altri autori: Olexová, Cecília, 1976-
Natura: Capitolo di libro
Lingua:inglese
Soggetti:
Tags: Aggiungi Tag
Nessun Tag, puoi essere il primo ad aggiungerne!!

MARC

LEADER 00000naa$a2200000$$$4500
001 0178859
005 20240503095303.7
041 0 |a eng 
044 |a BG 
245 1 0 |a Recent environmental trends and innovations in the Slovak small and middle enterprises  |c Martin Bosák, Cecília Olexová 
520 |a Súčasné environmentálne trendy a inovácie v malých a stredných podnikoch na Slovensku. Kľúčové manažérske kompetencie v MSP. 
610 2 0 |a podnik malý 
610 2 0 |a podnik stredný 
610 2 0 |a kompetencie manažérske 
610 2 0 |a ochrana prostredia životného 
610 2 0 |a inovácia 
100 1 |a Bosák, Martin, 1967- 
700 1 |a Olexová, Cecília, 1976-